1024 1963 1113 1728 1092 1173 1673 1064 1180 1143 1073 1706 1696 1673 1673 1185 1839 1990 1507 1568 1046 1525 1339 1832 1845 1877 1202 1364 1066 1772 1633 1436 1105 1424 1143 1211 1734 1911 1324 1593 1717 1087 1052 1818 1488 1859 1546 1593 1721 1263 1010 1054 1210 1818 1706 1704 1880 1342 1243 1051 1750 1852 1204 1948 1462 1790 1686 1216 1808 1430 1444 1937 1926 1256 1439 1900 1218 1485 1195 1348 1643 1129 1981 1224 1379 1302 1789 1146 1518 1884 1711 1146 1534 1352 1063 1386 1838 1035 1861 BCNSPRNW ULIB Ver.6.0+V

เปลี่ยนเป็นภาษาไทย

Change to English
 แสดงรายละเอียดบรรณานุกรม
  กลับหน้าหลัก

Brief Record : Get Marc (ISO 2709) : E-mail record : QR code < ปิดหน้าต่าง
LEADER : 00000nas 2200000uu 4500
001    13399123851
003     ULIB
008    141212s||||||||th 000 0 tha d
022 0  ^a16851741
245 00 ^aวารสารลูกช้างสัมพันธ์/^cมหาวิทยาลัยเชียงใหม่
246 0  ^aChiang Mai University Alumni Magazine
310    ^aรายสี่เดือน
850 ^a ULIB^bปีที่ 13 ฉบับที่ 2 ฉ.1 ;ปีที่ 14 ฉบับที่ 3 ฉ.1 ;ปีที่ 15 ฉบับที่ 1 ฉ.1 ;ปีที่ 14 ฉบับที่ 3 ฉ.1 ;ปีที่ 15 ฉบับที่ 2 ฉ.1
945    ^p0^l0^i902697
945    ^p0^l0^i904002
945    ^p0^l0^i904003
945    ^p0^l0^i904030
945    ^p0^l0^i904031
999    ^aกมลทิพย์ ธนสารสุธี
รายการนี้ยังไม่มีแท็ก
คุณยังไม่ได้ล็อกอิน คุณสามารถมีกิจกรรมร่วมกับเว็บไซต์ได้ แต่ต้องล็อกอินก่อน ::
  ล็อกอิน

รายการสื่อสารสนเทศ (วารสาร)

ดูแบบ: กล่อง รายการ
ARRIVED
ปีที่ 13 ฉบับที่ 2 ฉ.1
สถานที่: ห้องสมุดวิทยาเขตสวรรค์ประชารักษ์ >วารสาร
ARRIVED
ปีที่ 14 ฉบับที่ 3 ฉ.1
สถานที่: ห้องสมุดวิทยาเขตสวรรค์ประชารักษ์ >หนังสือพิมพ์
ARRIVED
ปีที่ 15 ฉบับที่ 1 ฉ.1
สถานที่: ห้องสมุดวิทยาเขตสวรรค์ประชารักษ์ >หนังสือพิมพ์
ARRIVED
ปีที่ 15 ฉบับที่ 2 ฉ.1
สถานที่: ห้องสมุดวิทยาเขตสวรรค์ประชารักษ์ >หนังสือพิมพ์

BibComment


ยังไม่เคยถูกคอมเมนท์

คอมเมนท์ทรัพยากรรายการนี้
  คอมเมนท์: วารสารลูกช้างสัม..


 Copyright 2026. Bcnsprnw @Library